000 00633nam a2200193Ia 4500
005 20250508164827.0
008 008 250505s9999 xx 000 0 hin d
037 _aDissertations
040 _aFEDL
_beng
_cFEDL
041 _ahin
_2eng
084 _a491.4307, BAJ/DI
_qFEDL
100 _aBajaj Abhilasha
_9779224
245 0 _aSahitya shikshan ke sandharb mein bhasha samvedanshilta ke vikas ke ayam : Kaksha sanvyevhar ka vastuistithiparak addhyan
260 _c2003
300 _a96p.
546 _aM.Phil Dissertation, (Delhi University)
942 _cDIS
_h491.4307, BAJ/DI
999 _c1391431
_d1391431